Catálogo
 En Linea

Los Saint-Hilaire : (Registro nro. 48288)

Detalles MARC
000 -CABECERA
campo de control de longitud fija 01756nam a2200241 a 4500
001 - NÚMERO DE CONTROL
campo de control 000048800
005 - FECHA Y HORA DE LA ÚLTIMA TRANSACCIÓN
campo de control 20201002061422.0
008 - DATOS DE LONGITUD FIJA--INFORMACIÓN GENERAL
campo de control de longitud fija 190412s2015 dr ac 000 0 spa d
020 ## - NÚMERO INTERNACIONAL ESTÁNDAR DEL LIBRO
Número Internacional Estándar del Libro 9781499372526
040 ## - FUENTE DE LA CATALOGACIÓN
Centro catalogador/agencia de origen DO-SdBNP
Lengua de catalogación spa
Centro/agencia transcriptor BNPHU
082 ## - NÚMERO DE LA CLASIFICACIÓN DECIMAL DEWEY
Número de clasificación xxxx
Número de documento/Ítem D542S
100 1# - ENTRADA PRINCIPAL--NOMBRE DE PERSONA
Nombre de persona Díaz Jáquez, Leonardo
9 (RLIN) 76253
245 14 - MENCIÓN DE TÍTULO
Título Los Saint-Hilaire :
Resto del título de Francia a la línea noroeste /
Mención de responsabilidad, etc. Leonardo Díaz Jáquez ; prólogo Julio Gónzalez.
260 ## - PUBLICACIÓN, DISTRIBUCIÓN, ETC.
Lugar de publicación, distribución, etc. Santo Domingo :
Nombre del editor, distribuidor, etc. Instituto Dominicano de Genealogía,
Fecha de publicación, distribución, etc. 2015.
300 ## - DESCRIPCIÓN FÍSICA
Extensión 301 p. :
Otras características físicas il., retrs. ;
Dimensiones 28 cm.
490 1# - MENCIÓN DE SERIE
Mención de serie Historia Familiar
Designación de volumen o secuencia 11
500 ## - NOTA GENERAL
Nota general Índice onomástico
504 ## - NOTA DE BIBLIOGRAFÍA, ETC.
Nota de bibliografía, etc. Bibliografía : p. 269-270
505 0# - NOTA DE CONTENIDO CON FORMATO
Nota de contenido con formato A la memoria --
Título Dedicatorias --
-- Prólogo --
-- Primera Parte: El Apellido Saint-Hilaire En Francia
-- Agradecimientos --
-- Introducción --
-- Toponimia y genealogía --
-- Ethiene Geoffroy Saint-Hilaire --
-- Isidore Geoffroy Saint-Hilaire --
-- Augustín Françoise César Prouvençal Saint-Hilaire --
-- Louis-Charles-Vincent Le Blond de Saint -Hilaire --
-- Segunda Parte: El Apellido Saint-Hilaire En St. Domingue Y Sto. Dgo. --
-- Saint Domingue y los apellidos dominicanos de origen francés --
-- El apellido Saint-Hilaire en la colonia francesa de Saint Domingue --
-- El apellido Saint-Hilaire en Samaná y Puerto Plata --
-- Saint-Hilaire en Sabaneta o Santiago Rodríguez --
-- Desarrollo de los Saint-Hilaire de Santiago Rodríguez --
Información miscelánea Anexos
Título A: Grafícas del apellido Saint*Hilaire --
-- B: Cómo leer e interpretar el reporte genealógico --
-- C: Traducción términos en inglés --
-- Descendientes de Francisco Saint-Hilaire. Reporte de geneología --.
590 ## - NOTA LOCAL (RLIN)
Nota local Inventariado, 2019/LP
700 1# - PUNTO DE ACCESO ADICIONAL--NOMBRE DE PERSONA
Nombre de persona Gónzalez, Julio,
Término indicativo de función/relación pról.
9 (RLIN) 22913
830 #0 - PUNTO DE ACCESO ADICIONAL DE SERIE-TÍTULO UNIFORME
Título uniforme Historia Familiar;
Número de parte o sección de la obra 11
9 (RLIN) 76254
Existencias
Estado de retiro Estado de pérdida No para préstamo Código de colección Localización permanente Ubicación/localización actual Ubicación en estantería Fecha de adquisición Número de inventario Total de préstamos Signatura topográfica completa Código de barras Fecha visto por última vez Precio válido a partir de Tipo de ítem Koha
    Excluido de préstamo Patrimonio Dominicano Patrimonio Dominicano Patrimonio Dominicano Depósito 12.04.2019 LF1   xxxx D542S 48800-10 25.06.2020 25.06.2020 Libro y Folleto Colección Patrimonio Dominicano

Con tecnología Koha